000 00912nam a22002417a 4500
005 20240530110518.0
008 160210s2012 su a g b 000 0 ara d
017 _a1433/1149
_bالسعودية . مكتبة الملك فهد الوطنية
020 _a9786038087770
040 _aEG-CaGPL
082 0 4 _221
_a371.92\
_bو م
100 0 _aولاء ربيع مصطفى .
245 1 2 _aالمعاقون فكريا القابلين للتدريب =
_bTrainable Intellectually Disabled /
_cولاء ربيع مصطفى .
250 _aط1.
260 _aالرياض :
_bدار الزهراء ،
_c2012 .
300 _a327 ص ؛
_c24 سم .
504 _aببليوجرافية : ص 309 - 324
650 0 4 _aضعاف العقول .
650 0 4 _aالتخلف العقلى .
650 0 4 _aالاطفال المعوقون
_xتعليم .
942 _2ddc
_cBK
999 _c61838
_d61838